000 00718cam a22002411 4500
001 51553
003 BD-RjUL
005 20211209075658.0
008 160831s1905 xx 000 0 eng
035 _a(BD-RjUL)51673
035 _a(OCoLC)3159010
040 _aDLC
_cOC
_dUk
_dDLC
_beng
041 _aeng
082 _223
_a515
_bWIP 1905
100 1 _aWilczynski, E J
_9154099
245 1 0 _aProjective differential geometry of curves and ruled surfaces /
_cE J Wilczynski
260 _aNew York :
_bPergamon Press,
_c1905
300 _axiii, 298 p. :
_bill. ;
_c20 cm.
500 _aincludes index
650 0 _aProjective differential geometry.
_9152044
942 _2ddc
_cBK
999 _c51553
_d51553